| 000 | 00462nam a2200169Ia 4500 | ||
|---|---|---|---|
| 005 | 20230522113444.0 | ||
| 008 | 131103s9999 xx 000 0 und d | ||
| 040 | _aLoreto College | ||
| 041 | _aEnglish | ||
| 082 |
_a823.91 _bHAR |
||
| 245 |
_aFar from the madding crowd _cThomas Hardy;edited with an introduction by Cyril Aldred |
||
| 260 |
_aLondon _bMacmillan _c1959 |
||
| 300 | _axxv,492 p. | ||
| 700 | _aAldred,Cyril,ed. | ||
| 850 | _aLCLIB | ||
| 942 | _cBK | ||
| 999 |
_c4936 _d55415 |
||